Library and information services for management (Record no. 147223)

MARC details
000 -LEADER
fixed length control field 00797nam a2200241Ia 4500
003 - CONTROL NUMBER IDENTIFIER
control field OSt
005 - DATE AND TIME OF LATEST TRANSACTION
control field 20220918173117.0
008 - FIXED-LENGTH DATA ELEMENTS--GENERAL INFORMATION
fixed length control field 220917b |||||||| |||| 00| 0 eng d
037 ## - SOURCE OF ACQUISITION
Terms of availability Textual
040 ## - CATALOGING SOURCE
Original cataloging agency ARTS
Transcribing agency ARTS
Language of cataloging eng
041 ## - LANGUAGE CODE
Source of code eng
Language code of text/sound track or separate title eng
100 ## - MAIN ENTRY--PERSONAL NAME
Personal name Bakewell K G B. ed
9 (RLIN) 44970
245 #0 - TITLE STATEMENT
Title Library and information services for management
Remainder of title Papers presented at a short course held at the school of librarianship and information work at liverpool college of commerce in December 1967
260 ## - PUBLICATION, DISTRIBUTION, ETC.
Place of publication, distribution, etc. London
Name of publisher, distributor, etc. Clive Bingley
Date of publication, distribution, etc. 1968
300 ## - PHYSICAL DESCRIPTION
Extent 130p
Dimensions cm.
650 ## - SUBJECT ADDED ENTRY--TOPICAL TERM
Topical term or geographic name entry element LIBRARY SCIENCE
942 ## - ADDED ENTRY ELEMENTS (KOHA)
Classification part 20bX:8z7, K8
Koha item type Textual
Source of classification or shelving scheme Colon Classification (CC)
Holdings
Withdrawn status Lost status Damaged status Not for loan Home library Current library Date acquired Total Checkouts Full call number Barcode Date last seen Price effective from Koha item type
        Arts Library Arts Library 2022-09-18   20bX:8z7 K8 AL0524038 2022-09-18 2022-09-18 Textual
Copyright @ Delhi University Library System